Propuesta para implementar un sistema de control estadística de la calidad en la línea de producto crema acido Perfecta Selecta de industrias lácteos la perfecta

Presenta la aplicación de un sistema de control estadístico de la calidad mediante la caracterización del proceso de elaboración de crema acida Perfecta Selecta y la identificación de las variables críticas a evaluar aplicando las herramientas de la calidad en el proceso de elaboración....

Full description

Bibliographic Details
Main Authors: Orozco Cruz, Jonathan Patricio, Paladino Parrales, María Guadalupe, Pérez Zelaya, Mirian Valeria
Other Authors: Tutor: Ruiz Sánchez, Maynor Alberto
Format: Tesis Section = Libro
Language:Undetermined
Spanish
Published: Managua UNI 2017
Subjects:
LEADER 01305nam a2200289Ia 4500
008 240830s9999 xx 000 0 und d
040 |a BIBLIOTECA-RUPAP Mon 658.568 O-74 
041 |a spa 
082 |a Mon 658.568 O-74 
100 1 |a Orozco Cruz, Jonathan Patricio 
100 1 |b  Paladino Parrales, María Guadalupe 
100 1 |c  Pérez Zelaya, Mirian Valeria 
245 1 0 |a Propuesta para implementar un sistema de control estadística de la calidad en la línea de producto crema acido Perfecta Selecta de industrias lácteos la perfecta 
260 |a Managua  |b UNI  |c 2017 
300 |a 161 p. :il. 
500 |a Contiene anexos y CD 
502 |a Tesis (Ingeniero Industrial)- UNI, 2017. 
520 3 |a Presenta la aplicación de un sistema de control estadístico de la calidad mediante la caracterización del proceso de elaboración de crema acida Perfecta Selecta y la identificación de las variables críticas a evaluar aplicando las herramientas de la calidad en el proceso de elaboración. 
650 7 |a CONTROL ESTADISTICO DE LA CALIDAD 
650 7 |b CALIDAD 
650 7 |c PLAN DE MEJORA 
650 7 |d SISTEMA DE CONTROL ESTADISTICO 
650 7 |e CREMA ACIDA – CALIDAD 
700 1 |a Tutor:  |b Ruiz Sánchez, Maynor Alberto 
942 |c BK  |2 ddc 
991 |a TESIS 
999 |c 17573